| 000 | 00650nam a2200229 i 4500 | ||
|---|---|---|---|
| 001 | 85926 | ||
| 003 | ES-MaACL | ||
| 005 | 20250815150909.0 | ||
| 007 | t| | ||
| 008 | 041202s1975 mx a |||| | spa d | ||
| 080 | _a7.036.01 | ||
| 100 | 1 |
_aKahler, Erich. _967414 |
|
| 245 | 1 | 3 |
_aLa desintegración de la forma en las artes / _cErich Kahler ; traducción de Jas Reuter. |
| 250 | _a3ª ed. | ||
| 260 |
_a[México] : _bSiglo XXI, _c1975. |
||
| 300 |
_a139 p. : _bil. ; _c21 cm. |
||
| 500 | _aÍndices. | ||
| 650 | 7 |
_aForma (Estética) _2embne _9159052 |
|
| 700 | 1 |
_aReuter, Jas. _996381 |
|
| 852 |
_aES-MaACL _jL-1857 |
||
| 999 |
_c85926 _d85926 |
||